Deň narcisov pomáhajú prekonávať strach z rakoviny a predsudky voči tejto chorobe

Podrobná bibliografia
Hlavný autor: Petruš, Andrej (Autor)
Médium: Článok
Jazyk:slovenčina
PhysicalDescription:Fotogr.
ISSN:1336-4030
Predmet:
On-line prístup:www.vecernik.po.sk

MARC

LEADER 00000nab a2200000 a 4500
001 vtls008997211
003 SK-MaSNL
005 20260303065801.0
008 070608c20070412xo dr n 000 00slo
038 |a SVKPOCL 
040 |a SVKPOCL  |b slo  |c AACR2  |e AACR2 
041 |a slo 
044 |a xo  |c SK 
080 |a 616-006.6:061.27(437.6)  |2 2001 
080 |a 061.27(437.6)  |2 2001 
100 1 |a Petruš, Andrej  |4 aut  |9 672594 
245 1 0 |a Deň narcisov  |b pomáhajú prekonávať strach z rakoviny a predsudky voči tejto chorobe  |c Andrej Petruš 
300 |a Fotogr. 
610 2 7 |a Liga proti rakovine Slovenskej republiky  |2 svkpocl  |9 56796 
611 2 7 |a Deň narcisov  |n (11. :  |d 2007 :  |c Prešov, Slovensko)  |2 svkpocl  |9 1066310 
650 0 7 |a finančné zbierky  |2 svkpocl  |9 344577 
651 7 |a Prešov (Slovensko)  |2 svkpocl  |9 17347 
773 0 |t Prešovský večerník  |g Roč. XVIII, č. 4177 (12.4.2007), s. 4  |x 1336-4030 
852 |a SVKPO  |b KIS3GCP 
856 4 1 |u www.vecernik.po.sk 
958 |a RG 
999 |c 1752689  |d 1754619